Field-Marshal Lord Napier of Magdala, (Record no. 552076)

000 -LEADER
fixed length control field 00518cam a22001451 4500
082 ## - DEWEY DECIMAL CLASSIFICATION NUMBER
Classification number 355.009241
Author Mark NAP
100 1# - MAIN ENTRY--PERSONAL NAME
Personal name Napier, H. D.
9 (RLIN) 49286
245 00 - TITLE STATEMENT
Title Field-Marshal Lord Napier of Magdala,
Remainder of title G.C.B., G.C.S.I.
Statement of responsibility, etc. a memoir by his son, Lieut.-Colonel Hon. H. D. Napier
260 ## - PUBLICATION, DISTRIBUTION, ETC.
Place of publication, distribution, etc. London,
Name of publisher, distributor, etc. E. Arnold & co.,
Date of publication, distribution, etc. 1927.
300 ## - PHYSICAL DESCRIPTION
Extent xi, 348 p.
Other physical details front. (port.) plates, maps, plan.
Dimensions 23 cm.
526 ## - STUDY PROGRAM INFORMATION NOTE
Program name 0
Interest level 0
Reading level 0
Title point value 355_009241000000000_NAP
650 #0 - SUBJECT ADDED ENTRY--TOPICAL TERM
Topical term or geographic name entry element Marshals
Geographic subdivision Great Britain
9 (RLIN) 49287
650 #0 - SUBJECT ADDED ENTRY--TOPICAL TERM
Topical term or geographic name entry element MCE
9 (RLIN) 379
942 ## - ADDED ENTRY ELEMENTS (KOHA)
Source of classification or shelving scheme
Koha item type Book
Holdings
Withdrawn status Lost status Source of classification or shelving scheme Damaged status Not for loan Permanent Location Current Location Shelving location Date acquired Total Checkouts Full call number Barcode Date last seen Price effective from Koha item type
          Military College of Engineering (MCE) Military College of Engineering (MCE)   01/06/2015   355.009241 NAP MCE-ECL/68 01/06/2015 01/06/2015 Book
© 2023 Central Library, National University of Sciences and Technology. All Rights Reserved.